| 000 | 01315nam a2200361 i 4500 | ||
|---|---|---|---|
| 001 | 768714001 | ||
| 003 | CO-MdFUSB | ||
| 005 | 20230421122403.0 | ||
| 007 | ta | ||
| 008 | 720728t19531953enk 000 0 engmu | ||
| 010 | _a54001065 | ||
| 020 | _a[No incluye ISBN] | ||
| 040 |
_cCO-MdFUSB _dCAP _dUtOrBLW _aCO-MdFUSB _bspa _erda |
||
| 041 | _aeng | ||
| 082 |
_223 _a222.1107 _bR521 |
||
| 090 | _aBS1235 | ||
| 100 | 1 |
_aRichardson, Alan, _d1905-1975. _eautor |
|
| 245 | 1 | 0 |
_aGenesis I-XI : _bintroduction and commentary _c/ Alan Richardson. |
| 264 | 1 |
_aLondon : _bSCM Press, _c[1953] |
|
| 264 | 4 | _c©1953. | |
| 300 |
_a134 páginas ; _c19 cm. |
||
| 336 |
_atexto _btxt _2rdacontent. |
||
| 337 |
_asin mediación _bn _2rdamedia. |
||
| 338 |
_avolumen _bnc _2rdacarrier. |
||
| 490 | 1 | _aTorch Bible commentaries. | |
| 505 | _aLa Creación - La caída - Caín y Abel - La civilización cananea - La verdadera línea de Adán (Set) - La genealogía desde Adán hasta Hoah - Los ángeles caídos - El diluvio - Noé y sus hijos - El origen de las naciones - La torre de Babel - Genealogía desde Sem hasta Abram. | ||
| 563 | _aTapa dura | ||
| 630 | 7 |
_aBiblia. _pGénesis _xCrítica, interpretación, etc. |
|
| 830 | 0 | _aTorch Bible commentaries. | |
| 942 | _cBK | ||
| 945 | _aJTF-925 | ||
| 999 |
_c66673 _d66673 |
||